Statystyki dla 15 krajów o największej liczbie zgonów Covid19; 23 listopada

Kliknij tutaj aby rozwiązać quiz!

Ogólne statystyki

  • Ten quiz został rozwiązany 19 razy
  • Średni wynik to 11 z 21

Statystyki odpowiedzi

kraj% Poprawnych
Stany Zjednoczone
89%
Hiszpania
83%
Rosja
83%
Brazylia
78%
Francja
78%
Włochy
72%
Indie
67%
Meksyk
67%
Wielka Brytania
67%
Kolumbia
56%
Argentyna
50%
Republika
Południowej Afryki
50%
Chile
44%
Belgia
33%
Iran
33%
Peru
33%
Indonezja
28%
Boliwia
22%
Ekwador
22%
Bośnia i Hercegowina
6%
Macedonia Północna
6%

Rozkład punktacji

Percentyl według liczby udzielonych odpowiedzi

Procent ludzi z każdym wynikiem

Twoja historia wyników

Nie rozwiązałeś tego quizu